Le Travail du visible : Claude Esteban et les arts plastiques (notice n° 2101510)
[ vue normale ]
| 000 -LEADER | |
|---|---|
| fixed length control field | 01415cam a2200169 4500500 |
| 005 - DATE AND TIME OF LATEST TRANSACTION | |
| control field | 20260405012314.0 |
| 041 ## - LANGUAGE CODE | |
| Language code of text/sound track or separate title | fre |
| 042 ## - AUTHENTICATION CODE | |
| Authentication code | dc |
| 100 10 - MAIN ENTRY--PERSONAL NAME | |
| Personal name | Bruel, Xavier |
| Relator term | author |
| 245 00 - TITLE STATEMENT | |
| Title | Le Travail du visible : Claude Esteban et les arts plastiques |
| 260 ## - PUBLICATION, DISTRIBUTION, ETC. | |
| Name of publisher, distributor, etc. | Hermann,<br/> |
| Date of publication, distribution, etc. | 2014.<br/> |
| 520 ## - SUMMARY, ETC. | |
| Summary, etc. | Consacrer un ouvrage aux nombreux écrits esthétiques de Claude Esteban, c'est envisager non seulement le regard d'un grand poète sur l'art, la singularité de son approche, mais aussi le sens que revêt l'écriture sur l'art dans son œuvre de poète. Or, la peinture et la sculpture, qu'il s'agisse des œuvres de ses contemporains ou de celles des peintres anciens, ont été pour Claude Esteban, dès l'origine de son œuvre, la source d'une révélation poétique essentielle. Il écrivait en 1992 : "Il se peut que les images disposent de pouvoirs dont nous ne savons rien, mais qui s'activent en nous, qui nous déterminent, alors que nous pensions déchiffrer de simples figures. Il se peut que les images participent d'une respiration plus vaste, qu'elles soient, en vérité, par-delà toutes nos raisons, comme le travail incessant du visible." |
| 700 10 - ADDED ENTRY--PERSONAL NAME | |
| Personal name | Giraud, Paul-Henri |
| Relator term | author |
| 700 10 - ADDED ENTRY--PERSONAL NAME | |
| Personal name | Guillaume-Alonso, Araceli |
| Relator term | author |
| 700 10 - ADDED ENTRY--PERSONAL NAME | |
| Personal name | Jouishomme, Christine |
| Relator term | author |
| 856 41 - ELECTRONIC LOCATION AND ACCESS | |
| Uniform Resource Identifier | <a href="https://shs.cairn.info/le-travail-du-visible--9782705683641?lang=fr&redirect-ssocas=7080">https://shs.cairn.info/le-travail-du-visible--9782705683641?lang=fr&redirect-ssocas=7080</a> |
Pas d'exemplaire disponible.




Réseaux sociaux